Detalles MARC
| 000 -CABECERA |
| campo de control de longitud fija |
01867nam a2200277 i 4500 |
| 001 - NÚMERO DE CONTROL |
| campo de control |
000046107 |
| 003 - IDENTIFICADOR DEL NÚMERO DE CONTROL |
| campo de control |
DO-SdBNP |
| 005 - FECHA Y HORA DE LA ÚLTIMA TRANSACCIÓN |
| campo de control |
20240510145807.0 |
| 007 - CAMPO FIJO DE DESCRIPCIÓN FÍSICA--INFORMACIÓN GENERAL |
| campo de control de longitud fija |
ta |
| 008 - DATOS DE LONGITUD FIJA--INFORMACIÓN GENERAL |
| campo de control de longitud fija |
150622s1992 dr ac 000 0 spa d |
| 040 ## - FUENTE DE LA CATALOGACIÓN |
| Centro catalogador/agencia de origen |
DO-SdBNP |
| Lengua de catalogación |
spa |
| Centro/agencia transcriptor |
BNPHU |
| Normas de descripción |
rda |
| 082 #4 - NÚMERO DE LA CLASIFICACIÓN DECIMAL DEWEY |
| Número de edición |
22 |
| 100 1# - ENTRADA PRINCIPAL--NOMBRE DE PERSONA |
| Nombre de persona |
Padilla D'onis, Luis, |
| Fechas asociadas al nombre |
1881- |
| 9 (RLIN) |
74172 |
| Término indicativo de función/relación |
autor |
| 245 10 - MENCIÓN DE TÍTULO |
| Título |
Galeria de dominicanos ilustres : |
| Resto del título |
Juan Pablo Duarte y sus descendientes / |
| Mención de responsabilidad, etc. |
Luis Padilla D'onis ; prólogo, Raimundo Tirado C. |
| 264 ## - PRODUCCIÓN, PUBLICACIÓN, DISTRIBUCIÓN, FABRICACIÓN Y COPYRIGHT |
| Producción, publicación, distribución, fabricación y copyright |
Santo Domingo : |
| Nombre del de productor, editor, distribuidor, fabricante |
Talleres de Litografía Industrial Dominicana, |
| Fecha de producción, publicación, distribución, fabricación o copyright |
1992. |
| 300 ## - DESCRIPCIÓN FÍSICA |
| Extensión |
237 páginas: |
| Otras características físicas |
ilustraciones, retratos ; |
| Dimensiones |
23 cm. |
| 336 ## - TIPO DE CONTENIDO |
| Fuente |
rdacontent |
| Término de tipo de contenido |
texto |
| Código de tipo de contenido |
txt |
| 337 ## - TIPO DE MEDIO |
| Fuente |
rdamedia |
| Nombre/término del tipo de medio |
sin mediación |
| Código del tipo de medio |
n |
| 338 ## - TIPO DE SOPORTE |
| Fuente |
rdacarrier |
| Nombre/término del tipo de soporte |
volumen |
| Código del tipo de soporte |
nc |
| 500 ## - NOTA GENERAL |
| Nota general |
Incluye referencias bibliográficas y notas al pie de las páginas. |
| 500 ## - NOTA GENERAL |
| Nota general |
Incluye datos biográficos del autor |
| 505 0# - NOTA DE CONTENIDO CON FORMATO |
| Nota de contenido con formato |
Nueva versión de la vida de Juan Pablo Duarte -- |
| Título |
La odisea de una madre -- |
| -- |
Alborear de la independenica Nacional -- |
| -- |
La discutida personalidad de Pedro Santana -- |
| -- |
Santana en campaña -- |
| -- |
Retirada de Santana -- |
| -- |
Duarte en tránsito del exilio -- |
| -- |
Análisis de la política dominicana -- |
| -- |
Duarte en la frontera brasileña-venezolana -- |
| -- |
Duarte en el exilio -- |
| -- |
Lo que significa Sandalia en la historia de Duarte -- |
| -- |
La odisea de una hija -- |
| -- |
El ascetismo de Duarte -- |
| -- |
Un cambio brusco de camino -- |
| -- |
Duarte se ausenta de San Felipe -- |
| -- |
La muerte del justo -- |
| -- |
Las descendencias de Juan Pablo Duarte -- |
| -- |
Traslados de los restos del prócer, apoteosis final -- |
| -- |
Así hablaba Meriño -- |
| -- |
Consideraciones finales -- |
| -- |
Índice de personas, lugares y materias -- |
| -- |
Apéndice -- |
| -- |
Datos sobre el autor -- |
| -- |
Acróstico a los padres de la patria. |
| -- |
El ascetismo de Duarte -- |
| 590 ## - NOTA LOCAL (RLIN) |
| Nota local |
Inventariado, 2024/BT |
| 700 1# - PUNTO DE ACCESO ADICIONAL--NOMBRE DE PERSONA |
| Nombre de persona |
Tirado C., Raimundo, |
| Término indicativo de función/relación |
prólogo |
| 9 (RLIN) |
74173 |
| 942 ## - ELEMENTOS DE PUNTO DE ACCESO ADICIONAL (KOHA) |
| Fuente del sistema de clasificación o colocación |
Dewey Decimal Classification |
| Tipo de ítem Koha |
Libro |